000 01034nam a2200277 i 4500
001 185586
003 SpMaBN
005 20250813055708.0
008 160720m19901992sp a |||| | spa d
020 _a84-306-0214-3
080 _a611/612
080 _a128
245 0 0 _aFragmentos para una historia del cuerpo humano /
_ceditado por Michel Feher con Ramona Nadaff y Nadia Tazi ; [traducción española, José Luis Checa ... et al.].
260 _aMadrid :
_bTaurus,
_c[1990-1992]
300 _a3 v. (498 p., 552 p.,578 p.) :
_bil. col. y n., fot., retr. ;
_c24 cm.
490 1 _aHumanidades.
_aHistoria ;
_v318-320
500 _aÍndices.
504 _aBibliografía: v. 3, p. 474-554.
650 7 _aCuerpo humano (Filosofía)
_911509
700 1 _aFeher, Michel.
_9160174
700 1 _aNaddaff, Ramona.
_9160175
700 1 _aTazi, Nadia.
_9160176
830 0 0 _aHumanidades (Taurus).
_pHistoria
_v318-320
_9177933
852 _aES-MaACL
_jL-30458-60
_z. - Donat. Miguel A. Velasco
999 _c185586
_d185586